Statistics for Top 20 Most Paid NBA Players of Season 2013/14

Click here to take the quiz!

General Stats

  • This quiz has been taken 2,492 times
  • The average score is 10 of 20

Answer Stats

RankMoney ($)Answer% Correct
#919.068.000LeBron James
99%
#130.453.000Kobe Bryant
92%
#1318.536.000Dwyane Wade
84%
#1118.773.176Kevin Durant
82%
#1019.067.500Chris Bosh
73%
#521.490.000Carmelo Anthony
67%
#1218.668.431Chris Paul
66%
#720.513.178Dwight Howard
60%
#1817.632.688Derrick Rose
55%
#819.285.850Pau Gasol
54%
#222.721.381Dirk Nowitzki
52%
#1916.402.500Blake Griffin
51%
#2015.333.334Paul Pierce
47%
#1418.466.130Deron Williams
36%
#621.466.718Joe Johnson
36%
#421.679.893Amar'e Stoudemire
25%
#1617.800.000Zach Randolph
15%
#1517.888.932Rudy Gay
11%
#322.346.536Gilbert Arenas
8%
#1717.779.458Brandon Roy
6%

Score Distribution

Percentile by Number Answered

Percent of People with Each Score

Your Score History

You have not taken this quiz